000
00351 a2200169 4500
001
192483
020
_a
978-85-7319-545-3
040
_c
Magnum
100
_a
França, Mary
240
1
0
_a
Os atletas
_l
por
245
1
0
_a
Os atletas
300
_a
24
362
0
_a
2007
440
1
_a
Editora Dimensão
697
_a
LITERATURA INFANTIL
942
_c
BK
999
_c
192483
_d
192483